Проблема оценки неопределенности температуры реперной точки, обусловленной наличием примесей; Измерительная техника; № 11

Dettagli Bibliografici
Parent link:Измерительная техника=Measurement Techniques: научно-технический журнал/ Российская Федерация, Федеральное агентство по техническому регулированию и метрологии (Ростехрегулирование) (Госстандарт России).— , 1940-1941, 1955-.— 0368-1025
№ 11.— 2003.— С. 36-39
Autore principale: Александров Ю. И.
Altri autori: Иванова А. Г.
Lingua:russo
Pubblicazione: 2003
Serie:Теплофизические измерения
Soggetti:
Natura: Capitolo di libro
KOHA link:https://koha.lib.tpu.ru/cgi-bin/koha/opac-detail.pl?biblionumber=389657

MARC

LEADER 00000naa2a2200000 4500
001 389657
005 20231101063907.0
035 |a (RuTPU)RU\TPU\prd\22113 
090 |a 389657 
100 |a 20040202a2003 k y0rusy50 ca 
101 0 |a rus 
102 |a RU 
200 1 |a Проблема оценки неопределенности температуры реперной точки, обусловленной наличием примесей  |f Ю. И. Александров, А. Г. Иванова 
225 1 |a Теплофизические измерения 
320 |a Библиогр.: 11 назв. 
461 1 |0 (RuTPU)RU\TPU\prd\1509  |x 0368-1025  |t Измерительная техника  |l Measurement Techniques  |o научно-технический журнал  |f Российская Федерация, Федеральное агентство по техническому регулированию и метрологии (Ростехрегулирование) (Госстандарт России)  |d 1940-1941, 1955- 
463 1 |0 (RuTPU)RU\TPU\prd\21766  |t № 11  |v С. 36-39  |d 2003 
610 1 |a температура 
610 1 |a реперная точка 
610 1 |a метод реализации 
610 1 |a точка плавления галлия 
610 1 |a жидкие фазы 
610 1 |a твердые фазы 
610 1 |a условия затвердевания 
675 |a 536.5.081.088  |v 3 
700 1 |a Александров  |b Ю. И. 
701 1 |a Иванова  |b А. Г. 
801 1 |a RU  |b 63413507  |c 20040202  |g PSBO 
801 2 |a RU  |b 63413507  |c 20180404  |g RCR 
942 |c BK